000
00484nam a2200169Ia 4500
008
090711s9999 xx 000 0 und d
082
_b
72322
100
_a
घाणेकर प्र. के.
245
_a
गड आणि कोट
260
_c
1993
300
_a
75
600
_a
घाणेकर प्र. के.
630
_a
गड आणि कोट
700
_a
घाणेकर प्र. के.
730
_a
गड आणि कोट
942
_c
BOOK
999
_c
296275
_d
296275